| 000 | 00828nam a2200301Ia 4500 | ||
|---|---|---|---|
| 001 | 14119 | ||
| 005 | 20240113235519.0 | ||
| 007 | ta | ||
| 008 | 051119s1951 a g b000 u 465 u | ||
| 020 | _cHB | ||
| 040 | _aCotton College Assam | ||
| 041 | _a465 | ||
| 082 |
_a581.5 _bC 461 Or |
||
| 100 | _aChester, K. Starr . | ||
| 245 | 0 |
_aThe Origin, Variation, Immunity and Breeding of Cultivated Plants / _cN.I. Vavilov. _hTextual Documents |
|
| 250 | _a1st ed. / | ||
| 260 |
_aU.S.A. : _bThe Chronica Botanica Co. , _cC1951. |
||
| 300 |
_aviii,304p. : _bill ; _c27cm . |
||
| 362 | _aVol. Xlll, No. 1/6- | ||
| 653 | _aBotany | ||
| 653 | _aPlant Breeding | ||
| 653 | _aCultivated Plants | ||
| 653 | _aG-Botany | ||
| 700 | _aVavilov, N.I. . | ||
| 942 |
_2ddc _cBK |
||
| 999 |
_c14105 _d14105 |
||